Технология. Штукатурно-малярное дело (Запись № 10013703)

Подробности
000 -МАРКЕР
контрольное поле 01804nam0a2200349 i 4500
001 - ИДЕНТИФИКАТОР ЗАПИСИ
контрольное поле RU\NLR\BIBL_A\010468484
005 - ИДЕНТИФИКАТОР ВЕРСИИ
контрольное поле 20241103105336.0
010 ## - МЕЖДУНАРОДНЫЙ СТАНДАРТНЫЙ НОМЕР КНИГИ (ISBN)
Номер (ISBN) 9785691020636
Тираж 10000
021 ## - НОМЕР ГОСУДАРСТВЕННОЙ РЕГИСТРАЦИИ
Код страны Российская Федерация
Номер 2014-53995
Номер Листа государственной регистраци 3260
035 ## - ДРУГИЕ СИСТЕМНЫЕ НОМЕРА
Идентификатор записи (NILC)RuMoRGB-007525122
035 ## - ДРУГИЕ СИСТЕМНЫЕ НОМЕРА
Идентификатор записи (NLR Aleph) 010468484
100 ## - ДАННЫЕ ОБЩЕЙ ОБРАБОТКИ
Данные общей обработки 20141001d2014 u y0rusy50 ca
101 0# - ЯЗЫК РЕСУРСА
Язык текста, звукозаписи и т.д. русский
102 ## - СТРАНА ПУБЛИКАЦИИ ИЛИ ПРОИЗВОДСТВА
Страна публикации Российская Федерация
105 ## - ПОЛЕ КОДИРОВАННЫХ ДАННЫХ: ТЕКСТОВЫЕ МАТЕРИАЛЫ, МОНОГРАФИЧЕСКИЕ
Кодированные данные о монографическом текстовом документе a|||j|||001yy
200 1# - ЗАГЛАВИЕ И СВЕДЕНИЯ ОБ ОТВЕТСТВЕННОСТИ
Основное заглавие Технология. Штукатурно-малярное дело
Сведения, относящиеся к заглавию учебник для 5 класса специальных (коррекционных) общеобразовательных учреждений
Первые сведения об ответственности С.В. Бобрешова
210 ## - ПУБЛИКАЦИЯ, РАСПРОСТРАНЕНИЕ И ДР.
Место издания, распространения и т.д. Москва
Имя издателя, распространителя и т. д. ВЛАДОС
Дата издания, распространения и т.д. 2014
215 ## - ФИЗИЧЕСКАЯ ХАРАКТЕРИСТИКА
Специфическое обозначение материала и объем 167 с.
Другие сведения о физической характеристике ил., цв. ил.
Размеры 22
225 1# - СЕРИЯ
Основное заглавие серии Коррекционная педагогика
300 ## - ОБЩИЕ ПРИМЕЧАНИЯ
Текст примечания На обл. подзаг.: 5-й класс: специальная (коррекционная) общеобразовательная школа
320 ## - ПРИМЕЧАНИЯ О НАЛИЧИИ В ДОКУМЕНТЕ БИБЛИОГРАФИИ / УКАЗАТЕЛЯ
Текст примечания Библиогр.: с. 161 (4 назв.)
517 1# - ДРУГИЕ ВАРИАНТЫ ЗАГЛАВИЯ
Вариант заглавия Штукатурно-малярное дело
606 ## - НАИМЕНОВАНИЕ ТЕМЫ КАК ПРЕДМЕТ
Наименование темы Штукатурные работы
Формальный подзаголовок Учебники для специальных (коррекционных) образовательных учреждений
Системный номер авторитетной/нормативной записи 1228943
Идентификатор авторитетной/нормативной записи RU\NLR\AUTH\66182907
606 ## - НАИМЕНОВАНИЕ ТЕМЫ КАК ПРЕДМЕТ
Наименование темы Малярные работы
Формальный подзаголовок Учебники для специальных (коррекционных) образовательных учреждений
Системный номер авторитетной/нормативной записи 888604
Идентификатор авторитетной/нормативной записи RU\NLR\AUTH\66675
686 1# - ИНДЕКСЫ ДРУГИХ КЛАССИФИКАЦИЙ
Индекс Н639я721-1
700 #1 - ИМЯ ЛИЦА - ПЕРВИЧНАЯ ОТВЕТСТВЕННОСТЬ
Начальный элемент ввода Бобрешова
Часть имени, кроме начального элемента ввода С. В.
Расширение инициалов личного имени Светлана Владимировна
801 #0 - ИСТОЧНИК ЗАПИСИ
Страна Российская Федерация
Организация РГБ
Дата составления 20140724
Правила каталогизации RCR
942 ## - ДОПОЛНИТЕЛЬНЫЕ ЭЛЕМЕНТЫ ЗАПИСИ (АБИС)
Тип экземпляра АБИС Книга
980 ## - КОЛЛЕКЦИЯ
Название коллекции НБР

Нет доступных экземпляров.